Sports Quiz

Random Sports or Baseball Quiz
Score 0/30 Timer 06:00
3 Plays Today
Team Player % Correct
Los Angeles AngelsMike Trout
92.3%
Detroit TigersMiguel Cabrera
88.8%
Florida/Miami MarlinsGiancarlo Stanton
88.2%
Baltimore OriolesChris Davis
87.8%
Boston Red SoxDavid Ortiz
87.4%
Oakland AthleticsKhris Davis
86.9%
Washington NationalsBryce Harper
84.9%
Cincinnati RedsJoey Votto
83.8%
Toronto Blue JaysJose Bautista
83.4%
Arizona DiamondbacksPaul Goldschmidt
82.8%
Chicago CubsAnthony Rizzo
82.2%
Milwaukee BrewersRyan Braun
80.8%
Atlanta BravesFreddie Freeman
80.1%
Colorado RockiesNolan Arenado
77.8%
Chicago White SoxJose Abreu
72.6%
Team Player % Correct
Pittsburgh PiratesAndrew McCutchen
70.3%
Tampa Bay RaysEvan Longoria
69.3%
San Francisco GiantsBuster Posey
67.1%
Houston AstrosGeorge Springer
66.7%
Philadelphia PhilliesRyan Howard
65.5%
Texas RangersAdrian Beltre
62.6%
Kansas City RoyalsAlex Gordon
56.6%
Los Angeles DodgersMatt Kemp
52.4%
Cleveland IndiansCarlos Santana
49.3%
St. Louis CardinalsMatt Carpenter
48.9%
Seattle MarinersKyle Seager
43.6%
New York YankeesMark Teixeira
35.2%
San Diego PadresWil Myers
33.6%
Minnesota TwinsBrian Dozier
30.1%
New York MetsLucas Duda
23.4%

You're not logged in!

Compare scores with friends on all Sporcle quizzes.
OR
Log In

Sporcle TV

Today on Sporcle TV


Watch our educational content, quiz creation guides, and fun videos on Sporcle TV.

Show Comments

Extras

Top Quizzes Today


Score Distribution

Paid Content

Your Account Isn't Verified!

In order to create a playlist on Sporcle, you need to verify the email address you used during registration. Go to your Sporcle Settings to finish the process.

Report this User

Report this user for behavior that violates our Community Guidelines.

Details: